000
00266 a2200097 4500
090
_c
4112
_d
4112
100
_a
Sergio De Cesare
245
_a
Development of Component-Based Information Systems
260
_a
Prentice Hall
_b
New Delhi
_c
2006
942
_a
NBS
_c
BK
_k
005.3 CES
999
_c
346567
_d
346567